000 00504nam a22001817a 4500
008 150420b xxu||||| |||| 00| 0 eng d
020 _a9780071666596
041 0 _aeng
080 _a004.735
100 1 _aNixon, Robin,
245 1 0 _aPlug-in PHP :
_cRobin Nixon.
260 _aNew York :
_bMcGraw-Hill,
_c2010.
300 _a348 f.:
_bme il.;
_c24 cm.
505 _aIndex: f.335-348
650 0 _aWeb site development.
650 0 _aPHP Gjuha Programuese
942 _2udc
_cBK
999 _c708
_d708